000 003480000a22001450004500
003 MACL
040 _aMACL
090 _c1900
_d1900
100 _aRay, Asok Kumar
245 _aTerrorism And Peace Initiatives In North East India
260 _aNew Delhi
_bOm Publications
_c2007
350 _a750
650 _aSocial Science
942 _cBOOK
_k303.625
999 _c1887
_d1887